Mikroekonomický a makroekonomický význam zaistenia
Pojem a funkcie zaistenia. Princíp fungovania zaisťovní. Ochrana cedenta. Úlohy zaistenia. Zaistenie ako vertikálne rozdelenie rizika.
Uložené v:
| Hlavný autor: | |
|---|---|
| Médium: | Kapitola |
| Jazyk: | Slovak |
| Predmet: | |
| Tagy: |
Žiadne tagy, Buďte prvý, kto otaguje tento záznam!
|
MARC
| LEADER | 00000naa$a2200000$$$4500 | ||
|---|---|---|---|
| 001 | 0093309 | ||
| 005 | 20240325123744.9 | ||
| 041 | 0 | |a slo | |
| 044 | |a CZ | ||
| 245 | 1 | 0 | |a Mikroekonomický a makroekonomický význam zaistenia |c Zuzana Krátka |
| 520 | |a Pojem a funkcie zaistenia. Princíp fungovania zaisťovní. Ochrana cedenta. Úlohy zaistenia. Zaistenie ako vertikálne rozdelenie rizika. | ||
| 610 | 2 | 0 | |a zaistenie |
| 610 | 2 | 0 | |a zaisťovne |
| 610 | 2 | 0 | |a analýza ekonomická |
| 610 | 2 | 0 | |a riziko poistné |
| 610 | 2 | 0 | |a trh poistný |
| 100 | 1 | |a Krátka, Zuzana, 1968- | |